[Event "18. Open de Sants Hostafrancs 2016"]
[Site "Barcelona ESP"]
[Date "2016.08.28"]
[Round "10.23"]
[White "Petrosyan, Tigran S"]
[Black "Diaz Camallonga, Carles"]
[Result "1/2-1/2"]
[WhiteElo "2462"]
[BlackElo "2336"]
[PlyCount "91"]
[EventDate "2016.08.19"]
[EventType "swiss"]
[EventRounds "10"]
[EventCountry "ESP"]
[SourceTitle "Ajedrez en Madrid"]
[Source "lmi"]
[SourceDate "2016.08.19"]

1. Nf3 Nf6 2. c4 e6 3. g3 b6 4. Bg2 Bb7 5. O-O c5 6. Nc3 d6 7. Re1 a6 8. e4 Be7
9. d4 cxd4 10. Nxd4 Qc7 11. Be3 O-O 12. Rc1 Nbd7 13. f4 Rac8 14. g4 Nc5 15. Bf2
Ne8 16. b4 Nd7 17. f5 Bf6 18. fxe6 Bxd4 19. e7 Bxf2+ 20. Kxf2 Qxc4 21. exf8=Q+
Kxf8 22. Nd5 Qxa2+ 23. Qe2 Qb3 24. Rxc8 Bxc8 25. Qe3 Qb2+ 26. Kg1 a5 27. Nxb6
Nxb6 28. Qxb6 Qxb4 29. Qxb4 axb4 30. g5 Be6 31. Rb1 b3 32. Bf3 f6 33. Bd1 fxg5
34. Bxb3 Bxb3 35. Rxb3 Nf6 36. Rb4 Kf7 37. Kf2 Ng4+ 38. Kg3 Ne5 39. Rb8 h6 40.
h3 Ke7 41. Rb7+ Kf6 42. Ra7 h5 43. Ra6 h4+ 44. Kf2 Ke6 45. Ra7 Kf6 46. Ra6
1/2-1/2

[Event "18. Open de Sants Hostafrancs 2016"]
[Site "Barcelona ESP"]
[Date "2016.08.28"]
[Round "10.29"]
[White "Gonzalez Rodriguez, Jorge A"]
[Black "Grigoryan, Karen H"]
[Result "0-1"]
[WhiteElo "2306"]
[BlackElo "2533"]
[PlyCount "66"]
[EventDate "2016.08.19"]
[EventType "swiss"]
[EventRounds "10"]
[EventCountry "ESP"]
[SourceTitle "Ajedrez en Madrid"]
[Source "lmi"]
[SourceDate "2016.08.19"]

1. b3 e5 2. Bb2 d6 3. e3 c6 4. c4 f5 5. d4 e4 6. Qd2 Nf6 7. f4 exf3 8. gxf3 g6
9. Nc3 Bh6 10. O-O-O O-O 11. Kb1 Re8 12. Re1 a6 13. Nh3 b5 14. Nf2 Qe7 15. Nfd1
Nbd7 16. Bc1 Nb6 17. Nb2 Be6 18. d5 Bd7 19. Rg1 c5 20. cxb5 axb5 21. Bxb5 Bxb5
22. Nxb5 Bg7 23. a4 Qd7 24. Qd3 Reb8 25. Rg2 Nfxd5 26. Nc4 Nb4 27. Qxd6 Qf7 28.
Nba3 Nxa4 29. Rc2 Nd5 30. Bd2 Rxb3+ 31. Ka2 Rd3 32. Qc6 Nab6 33. Ba5 Rxa5 0-1

[Event "18. Open de Sants Hostafrancs 2016"]
[Site "Barcelona ESP"]
[Date "2016.08.28"]
[Round "10.30"]
[White "Lin, Chen"]
[Black "Herrera Reyes, Jose Antonio"]
[Result "1-0"]
[WhiteElo "2516"]
[BlackElo "2290"]
[PlyCount "79"]
[EventDate "2016.08.19"]
[EventType "swiss"]
[EventRounds "10"]
[EventCountry "ESP"]
[SourceTitle "Ajedrez en Madrid"]
[Source "lmi"]
[SourceDate "2016.08.19"]

1. e4 c5 2. Nf3 e6 3. g3 b6 4. Bg2 Bb7 5. Nc3 Qc7 6. O-O a6 7. Re1 d6 8. d4 Nd7
9. d5 e5 10. a4 g6 11. Nd2 h5 12. Nc4 h4 13. Ra3 hxg3 14. hxg3 f5 15. exf5 gxf5
16. Qf3 Ne7 17. Bg5 O-O-O 18. Rb3 Kb8 19. Bxe7 Bxe7 20. Qxf5 Ka7 21. a5 b5 22.
Rxb5 Nf6 23. Rb6 Bc8 24. Qd3 Ng4 25. Ne4 Bf8 26. Rc6 Qb8 27. Rb6 Qc7 28. Qb3
Rh6 29. f3 Nf6 30. Nxf6 Rxf6 31. Nxe5 dxe5 32. Rxf6 Qxa5 33. Rf7+ Bd7 34. Qc3
Qxc3 35. bxc3 Kb6 36. Rb1+ Ka5 37. Bf1 Bb5 38. Bxb5 axb5 39. c4 b4 40. Rb7 1-0

[Event "18. Open de Sants Hostafrancs 2016"]
[Site "Barcelona ESP"]
[Date "2016.08.28"]
[Round "10.31"]
[White "Comas Fabrego, Lluis"]
[Black "Keller, Peter"]
[Result "1/2-1/2"]
[WhiteElo "2507"]
[BlackElo "2286"]
[PlyCount "27"]
[EventDate "2016.08.19"]
[EventType "swiss"]
[EventRounds "10"]
[EventCountry "ESP"]
[SourceTitle "Ajedrez en Madrid"]
[Source "lmi"]
[SourceDate "2016.08.19"]

1. e4 e5 2. Nc3 Nf6 3. g3 d5 4. exd5 Nxd5 5. Bg2 Nxc3 6. bxc3 Nc6 7. Nf3 Bc5 8.
O-O O-O 9. d3 Bg4 10. h3 Bh5 11. Qe1 Re8 12. Qe4 Bb6 13. Nh4 f6 14. Ba3 1/2-1/2

[Event "18. Open de Sants Hostafrancs 2016"]
[Site "Barcelona ESP"]
[Date "2016.08.28"]
[Round "10.32"]
[White "Bailet, Pierre"]
[Black "Hess, Max"]
[Result "1-0"]
[WhiteElo "2492"]
[BlackElo "2252"]
[PlyCount "119"]
[EventDate "2016.08.19"]
[EventType "swiss"]
[EventRounds "10"]
[EventCountry "ESP"]
[SourceTitle "Ajedrez en Madrid"]
[Source "lmi"]
[SourceDate "2016.08.19"]

1. d4 Nf6 2. c4 g6 3. Nf3 Bg7 4. g3 O-O 5. Bg2 d6 6. O-O Nbd7 7. Nc3 e5 8. e4
c6 9. Be3 Ng4 10. Bg5 f6 11. Bd2 Nh6 12. Qc2 Nf7 13. Rad1 Qe7 14. Rfe1 Nb6 15.
dxe5 dxe5 16. b3 Bg4 17. h3 Bxf3 18. Bxf3 Rfd8 19. Bc1 Bh6 20. Bb2 Rxd1 21.
Rxd1 Rd8 22. h4 Rxd1+ 23. Qxd1 Nd7 24. Bg4 Nf8 25. a3 Ne6 26. b4 Nd4 27. Ne2
Nxe2+ 28. Qxe2 c5 29. Bc3 Bf8 30. Qd1 Qd8 31. Qa4 Qd3 32. Be6 Kg7 33. Bd5 Nd6
34. Qd7+ Kh6 35. Qd8 Kg7 36. Qc7+ Kh6 37. Qd8 Kg7 38. Qc7+ Kh6 39. bxc5 Nxe4
40. Bxe5 fxe5 41. Qxe5 Bg7 42. Qf4+ g5 43. Qxe4 Qxe4 44. hxg5+ Kxg5 45. Bxe4 h6
46. Bxb7 Bf8 47. c6 Bd6 48. Kg2 Bc7 49. Kf3 Kf6 50. Ke4 Bd6 51. a4 Bc7 52. Bc8
Bb6 53. Bh3 Bc7 54. f4 Bb8 55. Kd5 Bc7 56. Kc5 Ke7 57. Kb5 a5 58. Ka6 Ke8 59.
Kb7 Kd8 60. f5 1-0

[Event "18. Open de Sants Hostafrancs 2016"]
[Site "Barcelona ESP"]
[Date "2016.08.28"]
[Round "10.33"]
[White "Gonzalez Acosta, Bernal"]
[Black "Garcia Ramos, Daniel"]
[Result "1-0"]
[WhiteElo "2478"]
[BlackElo "2238"]
[PlyCount "71"]
[EventDate "2016.08.19"]
[EventType "swiss"]
[EventRounds "10"]
[EventCountry "ESP"]
[SourceTitle "Ajedrez en Madrid"]
[Source "lmi"]
[SourceDate "2016.08.19"]

1. d4 Nf6 2. Nf3 c5 3. d5 e6 4. c4 exd5 5. cxd5 d6 6. Nc3 g6 7. g3 Bg7 8. Bg2
O-O 9. O-O Re8 10. Bf4 a6 11. a4 Ne4 12. Nxe4 Rxe4 13. Nd2 Rb4 14. Ra2 Bxb2 15.
Rxb2 Rxb2 16. Ne4 Rb4 17. Qa1 Rxe4 18. Bxe4 Qe7 19. Bg2 Nd7 20. Rb1 Rb8 21. a5
b5 22. axb6 Rxb6 23. Bh3 f5 24. Bg2 Qf6 25. Qa2 Rxb1+ 26. Qxb1 Kf7 27. h3 c4
28. Bd2 c3 29. Be1 f4 30. gxf4 Nc5 31. Qc2 Qxf4 32. Qxc3 Bd7 33. Qh8 Qh4 34.
Bc3 Bxh3 35. Qg7+ Ke8 36. Bf6 1-0

[Event "18. Open de Sants Hostafrancs 2016"]
[Site "Barcelona ESP"]
[Date "2016.08.28"]
[Round "10.34"]
[White "Buchenau, Frank"]
[Black "Fernandez, Fernando"]
[Result "0-1"]
[WhiteElo "2268"]
[BlackElo "2406"]
[PlyCount "58"]
[EventDate "2016.08.19"]
[EventType "swiss"]
[EventRounds "10"]
[EventCountry "ESP"]
[SourceTitle "Ajedrez en Madrid"]
[Source "lmi"]
[SourceDate "2016.08.19"]

1. e4 e6 2. d4 d5 3. Nc3 Nf6 4. Bg5 dxe4 5. Nxe4 Be7 6. Bxf6 gxf6 7. Nf3 f5 8.
Nc3 a6 9. d5 Bf6 10. dxe6 Qxd1+ 11. Rxd1 fxe6 12. g3 Nd7 13. Bg2 Nb6 14. O-O
Nc4 15. b3 Nb2 16. Rde1 Bxc3 17. Re3 Bg7 18. Rb1 O-O 19. Ne5 Rd8 20. Rxb2 Rd1+
21. Bf1 Bd7 22. c3 Bb5 23. Nc4 e5 24. Kg2 Bc6+ 25. f3 e4 26. Kf2 Rc1 27. fxe4
fxe4 28. Bh3 Bxc3 29. Rbe2 Bd4 0-1

[Event "18. Open de Sants Hostafrancs 2016"]
[Site "Barcelona ESP"]
[Date "2016.08.28"]
[Round "10.36"]
[White "Taylor, Adam C"]
[Black "Kvetny, Mark"]
[Result "0-1"]
[WhiteElo "2256"]
[BlackElo "2379"]
[PlyCount "80"]
[EventDate "2016.08.19"]
[EventType "swiss"]
[EventRounds "10"]
[EventCountry "ESP"]
[SourceTitle "Ajedrez en Madrid"]
[Source "lmi"]
[SourceDate "2016.08.19"]

1. Nf3 d5 2. d4 Nf6 3. Bf4 c5 4. c3 Qb6 5. Qb3 c4 6. Qxb6 axb6 7. Nbd2 b5 8.
Bxb8 Rxb8 9. a3 Bf5 10. Ne5 e6 11. h3 h5 12. g3 Bd6 13. Nef3 Ra8 14. Rc1 Nd7
15. Bg2 Nb6 16. Nh4 Bh7 17. e4 Be7 18. exd5 exd5 19. O-O g5 20. Nhf3 Na4 21. b4
cxb3 22. Nxb3 f6 23. Rfe1 Kf7 24. Nxg5+ fxg5 25. Bxd5+ Kf8 26. Re3 Bg6 27. Rce1
Bxa3 28. Rf3+ Kg7 29. Re5 Raf8 30. Bxb7 Rxf3 31. Bxf3 Nxc3 32. Rxg5 Bd6 33. Nc5
Kf7 34. Nb7 Be7 35. Re5 b4 36. Re3 Bf6 37. Nd6+ Kg7 38. Bc6 Rd8 39. Re6 b3 40.
Nc4 Bf7 0-1

[Event "18. Open de Sants Hostafrancs 2016"]
[Site "Barcelona ESP"]
[Date "2016.08.28"]
[Round "10.37"]
[White "Sohier, Julien"]
[Black "Lujan, Carolina"]
[Result "0-1"]
[WhiteElo "2240"]
[BlackElo "2378"]
[PlyCount "102"]
[EventDate "2016.08.19"]
[EventType "swiss"]
[EventRounds "10"]
[EventCountry "ESP"]
[SourceTitle "Ajedrez en Madrid"]
[Source "lmi"]
[SourceDate "2016.08.19"]

1. d4 g6 2. e4 d6 3. c4 Bg7 4. Nc3 e5 5. Nge2 f5 6. exf5 Bxf5 7. Ng3 Bd7 8. d5
Na6 9. Bd3 Qe7 10. Nge4 Nh6 11. h4 Nf7 12. Be3 b6 13. h5 Nc5 14. Nxc5 dxc5 15.
hxg6 hxg6 16. Rxh8+ Nxh8 17. Qc2 O-O-O 18. O-O-O Qh4 19. Bxg6 Qxc4 20. Bd3 Qg4
21. f3 Qh4 22. Ba6+ Kb8 23. d6 c6 24. Qd2 Nf7 25. Ne4 Be6 26. Kb1 Bd5 27. g3
Bxe4+ 28. Ka1 Qh7 29. fxe4 Rxd6 30. Qc2 Qxe4 31. Qxe4 Rxd1+ 32. Qb1 Rxb1+ 33.
Kxb1 Kc7 34. a4 Nd6 35. a5 Nf5 36. Bf2 e4 37. g4 Nd4 38. axb6+ axb6 39. Bc4 Kd6
40. Be3 Nf3 41. Kc2 Ke5 42. Bf7 Bf6 43. Be8 Bg5 44. Bxg5 Nxg5 45. Bxc6 Kf4 46.
Kc3 Kxg4 47. b4 e3 48. bxc5 bxc5 49. Kd3 Kf4 50. Bd5 Nf3 51. Bb3 c4+ 0-1

[Event "18. Open de Sants Hostafrancs 2016"]
[Site "Barcelona ESP"]
[Date "2016.08.28"]
[Round "10.38"]
[White "Zwirs, Nico"]
[Black "Serarols Mabras, Bernat"]
[Result "1-0"]
[WhiteElo "2374"]
[BlackElo "2237"]
[PlyCount "63"]
[EventDate "2016.08.19"]
[EventType "swiss"]
[EventRounds "10"]
[EventCountry "ESP"]
[SourceTitle "Ajedrez en Madrid"]
[Source "lmi"]
[SourceDate "2016.08.19"]

1. e4 c5 2. Nf3 e6 3. d4 cxd4 4. Nxd4 Nc6 5. Nc3 Qc7 6. Be3 a6 7. Qd2 Nf6 8. f4
b5 9. e5 b4 10. Ncb5 axb5 11. Nxb5 Qb8 12. exf6 gxf6 13. c4 bxc3 14. bxc3 Ba6
15. Rb1 Bxb5 16. Bxb5 Qc7 17. O-O Rg8 18. Rfd1 Be7 19. a4 f5 20. Qf2 Rg4 21.
Qf3 Kf8 22. Rxd7 Qxd7 23. Bxc6 Qd3 24. Rd1 Qc2 25. Bxa8 Rxg2+ 26. Qxg2 Qxd1+
27. Qf1 Qxa4 28. Bg2 Bf6 29. c4 Qb3 30. Qc1 Bb2 31. Qd2 Bf6 32. c5 1-0

[Event "18. Open de Sants Hostafrancs 2016"]
[Site "Barcelona ESP"]
[Date "2016.08.28"]
[Round "10.39"]
[White "Hernandez Moya, Yuleisy"]
[Black "Gullaksen, Eirik"]
[Result "1/2-1/2"]
[WhiteElo "2239"]
[BlackElo "2361"]
[PlyCount "68"]
[EventDate "2016.08.19"]
[EventType "swiss"]
[EventRounds "10"]
[EventCountry "ESP"]
[SourceTitle "Ajedrez en Madrid"]
[Source "lmi"]
[SourceDate "2016.08.19"]

1. e4 c5 2. Nf3 Nc6 3. Bb5 Nf6 4. Bxc6 dxc6 5. d3 Bg4 6. h3 Bh5 7. Nc3 Qc7 8.
g4 Bg6 9. Nh4 e5 10. Nf5 O-O-O 11. Qe2 Ne8 12. Rf1 Nd6 13. f4 f6 14. fxe5 fxe5
15. Bg5 Re8 16. O-O-O Bf7 17. Rf2 a6 18. Rdf1 Be6 19. Nxd6+ Bxd6 20. a3 b5 21.
Nd1 c4 22. Ne3 c3 23. bxc3 Bxa3+ 24. Kd2 Bc5 25. Ra1 a5 26. Rf3 Rhf8 27. Nf5
Rf7 28. Be3 Bf8 29. Qf2 Kb7 30. Bc5 Bxf5 31. Rxf5 Bxc5 32. Qxc5 Rxf5 33. gxf5
a4 34. Rg1 Qe7 1/2-1/2

[Event "18. Open de Sants Hostafrancs 2016"]
[Site "Barcelona ESP"]
[Date "2016.08.28"]
[Round "10.40"]
[White "Bergez, Luc"]
[Black "Gonzalez Valero, Julio"]
[Result "1/2-1/2"]
[WhiteElo "2344"]
[BlackElo "2200"]
[PlyCount "114"]
[EventDate "2016.08.19"]
[EventType "swiss"]
[EventRounds "10"]
[EventCountry "ESP"]
[SourceTitle "Ajedrez en Madrid"]
[Source "lmi"]
[SourceDate "2016.08.19"]

1. e4 c5 2. Nf3 Nc6 3. c3 Nf6 4. e5 Nd5 5. d4 cxd4 6. cxd4 d6 7. Bc4 e6 8. O-O
Be7 9. Qe2 O-O 10. Qe4 Ndb4 11. exd6 Qxd6 12. Nc3 f5 13. Qe2 Nxd4 14. Nxd4 Qxd4
15. Bxe6+ Bxe6 16. Qxe6+ Rf7 17. Rd1 Qb6 18. Qc4 Qc6 19. Qb3 a5 20. a4 Rc8 21.
Be3 Qc4 22. Qxc4 Rxc4 23. Bb6 Bc5 24. Bxa5 Nc6 25. Bd8 Rf8 26. Bc7 Rb4 27. Rd5
b6 28. Bd6 Bxd6 29. Rxd6 Ne5 30. Nd5 Rxb2 31. Rxb6 Rxb6 32. Nxb6 Rb8 33. a5 Nc6
34. Nc4 Rb4 35. Nd6 Nxa5 36. h4 Rb6 37. Nxf5 Nc6 38. Ra8+ Kf7 39. Rc8 g6 40.
Rc7+ Kf6 41. Ne3 Rb1+ 42. Kh2 Ne7 43. g4 h5 44. gxh5 gxh5 45. Rc5 Kg6 46. Ng2
Rb4 47. Re5 Nf5 48. Kh3 Rb3+ 49. Ne3 Nxe3 50. fxe3 Rb4 51. Rg5+ Kf6 52. Rxh5
Re4 53. Rg5 Rxe3+ 54. Kg4 Re4+ 55. Kh5 Ra4 56. Rg6+ Kf7 57. Rg1 Kf6 1/2-1/2

[Event "18. Open de Sants Hostafrancs 2016"]
[Site "Barcelona ESP"]
[Date "2016.08.28"]
[Round "10.41"]
[White "Schippers, Maurice"]
[Black "Hansen, Mads"]
[Result "0-1"]
[WhiteElo "2220"]
[BlackElo "2344"]
[PlyCount "116"]
[EventDate "2016.08.19"]
[EventType "swiss"]
[EventRounds "10"]
[EventCountry "ESP"]
[SourceTitle "Ajedrez en Madrid"]
[Source "lmi"]
[SourceDate "2016.08.19"]

1. e4 e5 2. Nf3 Nc6 3. Bc4 d6 4. d4 exd4 5. Nxd4 g6 6. Nxc6 bxc6 7. O-O Bg7 8.
Nc3 Ne7 9. Bg5 O-O 10. Qd2 Be6 11. Bb3 Qd7 12. Rae1 Rae8 13. f4 Bxb3 14. axb3
f5 15. e5 Nc8 16. Re2 Nb6 17. Rd1 Re6 18. Ra1 Ra8 19. exd6 Rxe2 20. Qxe2 Re8
21. Qd3 cxd6 22. Bh4 d5 23. Bf2 d4 24. Na4 Qd5 25. Nxb6 axb6 26. Ra7 b5 27. Kf1
Qe4 28. Qd2 c5 29. Ra5 Rb8 30. Ra1 c4 31. Re1 Qd5 32. Qb4 cxb3 33. Qxb3 Qxb3
34. cxb3 Rd8 35. Rd1 d3 36. Bh4 Rd7 37. Kf2 Bxb2 38. Ke3 Bd4+ 39. Kd2 b4 40.
Bg3 Bc3+ 41. Ke3 d2 42. Ke2 Re7+ 43. Kd3 Re1 44. Kc2 Kf7 45. Bf2 Re2 46. Bg3
Kg7 47. Kd3 Re1 48. Kc2 Kh6 49. Bf2 Re2 50. Bg3 Kh5 51. Kd3 Re1 52. Kc2 Kg4 53.
Bf2 Re2 54. Bg3 h5 55. Kd3 Rxg2 56. Ke3 h4 57. Bf2 Rxh2 58. Rg1+ Kh5 0-1

[Event "18. Open de Sants Hostafrancs 2016"]
[Site "Barcelona ESP"]
[Date "2016.08.28"]
[Round "10.42"]
[White "Vehi Bach, Victor Manuel"]
[Black "Riu Lopez, Daniel"]
[Result "1-0"]
[WhiteElo "2318"]
[BlackElo "1912"]
[PlyCount "105"]
[EventDate "2016.08.19"]
[EventType "swiss"]
[EventRounds "10"]
[EventCountry "ESP"]
[SourceTitle "Ajedrez en Madrid"]
[Source "lmi"]
[SourceDate "2016.08.19"]

1. e4 Nc6 2. Nf3 d6 3. d4 Nf6 4. Nc3 g6 5. Bb5 a6 6. Bxc6+ bxc6 7. e5 Nd5 8.
Ne4 Bg7 9. O-O O-O 10. Re1 Bg4 11. h3 Bxf3 12. Qxf3 dxe5 13. dxe5 Bxe5 14. c4
Nb6 15. Bh6 Bg7 16. Bxg7 Kxg7 17. Rad1 Qe8 18. Nf6 Qc8 19. Rxe7 Qf5 20. Qxf5
gxf5 21. Rxc7 Rac8 22. Nh5+ Kg6 23. Rxc8 Rxc8 24. Nf4+ Kg5 25. g3 Nxc4 26. Kg2
Kf6 27. b3 Ne5 28. Rd4 Ke7 29. Ra4 Ra8 30. Ra5 Kd6 31. b4 Rb8 32. a3 Rb6 33. h4
f6 34. h5 Kc7 35. Ne6+ Kb7 36. Nf8 h6 37. Ne6 Rb5 38. Nc5+ Ka7 39. Rxa6+ Kb8
40. f4 Ng4 41. Rxc6 Ka7 42. Ra6+ Kb8 43. Kf3 Kc7 44. Re6 Kd8 45. Ke2 Rb8 46.
Kd3 Rc8 47. a4 Nf2+ 48. Kd4 Ng4 49. b5 Rb8 50. Kc4 Rc8 51. b6 Nf2 52. b7 Rb8
53. a5 1-0

[Event "18. Open de Sants Hostafrancs 2016"]
[Site "Barcelona ESP"]
[Date "2016.08.28"]
[Round "10.43"]
[White "Prieto Aranguren, Alain"]
[Black "Cu Hor, Winston Darwin"]
[Result "0-1"]
[WhiteElo "2199"]
[BlackElo "2318"]
[PlyCount "88"]
[EventDate "2016.08.19"]
[EventType "swiss"]
[EventRounds "10"]
[EventCountry "ESP"]
[SourceTitle "Ajedrez en Madrid"]
[Source "lmi"]
[SourceDate "2016.08.19"]

1. d4 Nf6 2. Bg5 c5 3. d5 Qb6 4. Nc3 Qxb2 5. Bd2 Qb6 6. e4 d6 7. f4 g6 8. Nf3
Bg7 9. Rb1 Qd8 10. Bb5+ Nfd7 11. a4 Na6 12. O-O O-O 13. Qe1 Nb4 14. Rc1 a6 15.
Bc4 Rb8 16. Qh4 Nb6 17. Be2 e6 18. dxe6 Bxe6 19. Ng5 h6 20. f5 hxg5 21. Bxg5
Bd4+ 22. Kh1 f6 23. Bd2 Bc4 24. fxg6 Qe7 25. Rf3 Be5 26. Rh3 Qg7 27. Bh6 Qxg6
28. Bxf8 Kxf8 29. Bg4 Qg5 30. Qxg5 fxg5 31. a5 Nc8 32. Ne2 Kg7 33. Ng3 Ne7 34.
Nh5+ Kg6 35. c3 Nd3 36. Rf1 Nf4 37. Nxf4+ gxf4 38. Rb1 Bb5 39. g3 Bd3 40. Re1
fxg3 41. Re3 c4 42. Bh5+ Kg5 43. Bf7 Bf4 44. Re1 gxh2 0-1

[Event "18. Open de Sants Hostafrancs 2016"]
[Site "Barcelona ESP"]
[Date "2016.08.28"]
[Round "10.44"]
[White "Blasco Coll, Andreu"]
[Black "Latorre, Matias"]
[Result "0-1"]
[WhiteElo "2143"]
[BlackElo "2318"]
[PlyCount "72"]
[EventDate "2016.08.19"]
[EventType "swiss"]
[EventRounds "10"]
[EventCountry "ESP"]
[SourceTitle "Ajedrez en Madrid"]
[Source "lmi"]
[SourceDate "2016.08.19"]

1. d4 d6 2. e4 Nf6 3. f3 g6 4. c4 Bg7 5. Nc3 O-O 6. Be3 a6 7. Nge2 Nbd7 8. Qd2
c5 9. d5 b5 10. cxb5 Qa5 11. Nc1 axb5 12. Nxb5 Qb6 13. Be2 Ba6 14. a4 Ne8 15.
O-O Nc7 16. Nxc7 Qxc7 17. Ra3 Qb7 18. b3 f5 19. Bxa6 Rxa6 20. Nd3 Nf6 21. Nf2
fxe4 22. fxe4 Rb6 23. Qc2 Qa6 24. Rb1 Re8 25. a5 Rb7 26. Ra4 Ra8 27. Bd2 Nd7
28. Bc3 Bxc3 29. Qxc3 Ne5 30. Qd2 Rab8 31. Ra3 Qa7 32. Qc3 c4 33. b4 Nd3 34.
Ra2 Rxb4 35. Rxb4 Rxb4 36. Qc2 Nxf2 0-1

[Event "18. Open de Sants Hostafrancs 2016"]
[Site "Barcelona ESP"]
[Date "2016.08.28"]
[Round "10.45"]
[White "Arenas, David"]
[Black "Sanchez Vigon, David"]
[Result "1-0"]
[WhiteElo "2490"]
[BlackElo "2176"]
[PlyCount "78"]
[EventDate "2016.08.19"]
[EventType "swiss"]
[EventRounds "10"]
[EventCountry "ESP"]
[SourceTitle "Ajedrez en Madrid"]
[Source "lmi"]
[SourceDate "2016.08.19"]

1. e4 c5 2. Nf3 Nc6 3. c3 d5 4. exd5 Qxd5 5. d4 Bg4 6. Be2 cxd4 7. cxd4 e6 8.
O-O Nf6 9. Nc3 Qa5 10. Be3 Be7 11. h3 Bh5 12. a3 O-O 13. b4 Qd8 14. Qb3 Rc8 15.
Rfd1 Nd5 16. Rac1 Qd6 17. Nxd5 exd5 18. Rc5 Rfd8 19. Rdc1 Qd7 20. R5c3 a6 21.
Qc2 Bg6 22. Qd2 f6 23. Nh4 Bf7 24. Bd3 g6 25. Nf3 Be6 26. Bf4 Ra8 27. Re1 Re8
28. Bc2 Rac8 29. Ba4 b5 30. Bb3 Na7 31. Rce3 Bf7 32. Qa2 Nc6 33. Bg3 a5 34.
bxa5 Nxa5 35. Nd2 Nc4 36. Nxc4 dxc4 37. Bc2 Bf8 38. Qb2 Red8 39. d5 Qf5 1-0

[Event "18. Open de Sants Hostafrancs 2016"]
[Site "Barcelona ESP"]
[Date "2016.08.28"]
[Round "10.46"]
[White "Brociner, Beniamino"]
[Black "Cori T., Deysi"]
[Result "0-1"]
[WhiteElo "2184"]
[BlackElo "2433"]
[PlyCount "110"]
[EventDate "2016.08.19"]
[EventType "swiss"]
[EventRounds "10"]
[EventCountry "ESP"]
[SourceTitle "Ajedrez en Madrid"]
[Source "lmi"]
[SourceDate "2016.08.19"]

1. c4 Nf6 2. Nc3 g6 3. g3 Bg7 4. Bg2 O-O 5. d4 c5 6. Nf3 cxd4 7. Nxd4 Nc6 8.
Nc2 d6 9. O-O Be6 10. Nd5 Rc8 11. Rb1 Qd7 12. Nce3 Bh3 13. b3 Bxg2 14. Kxg2
Nxd5 15. Nxd5 e6 16. Nf4 Rfd8 17. e4 a6 18. Be3 Qc7 19. Qe2 Qa5 20. a4 Rd7 21.
Rfd1 Qd8 22. f3 Be5 23. Qf2 Bxf4 24. gxf4 d5 25. Bb6 Qf6 26. cxd5 exd5 27. Rbc1
Qxf4 28. Qg3 Qf6 29. Rc2 Re8 30. exd5 Nb4 31. Bd4 Qf5 32. Rcd2 Nxd5 33. Bf2
Nf4+ 34. Kh1 Rxd2 35. Rxd2 Qb1+ 36. Qg1 Qxb3 37. Qg4 Qxa4 38. Qd7 Qxd7 39. Rxd7
Re2 40. Bg3 Nh5 41. Bd6 b5 42. Rb7 Kg7 43. f4 Kf6 44. Be5+ Ke6 45. Rb6+ Kf5 46.
Rxa6 Nxf4 47. Bxf4 Kxf4 48. Rf6+ Kg4 49. Rxf7 h5 50. Rd7 b4 51. Rd3 Rb2 52.
Rg3+ Kf5 53. Rf3+ Ke4 54. Rg3 b3 55. Rxg6 Rc2 0-1

[Event "18. Open de Sants Hostafrancs 2016"]
[Site "Barcelona ESP"]
[Date "2016.08.28"]
[Round "10.47"]
[White "Sanchez, Nicolas"]
[Black "Vidarte Morales, Arturo"]
[Result "0-1"]
[WhiteElo "2176"]
[BlackElo "2324"]
[PlyCount "86"]
[EventDate "2016.08.19"]
[EventType "swiss"]
[EventRounds "10"]
[EventCountry "ESP"]
[SourceTitle "Ajedrez en Madrid"]
[Source "lmi"]
[SourceDate "2016.08.19"]

1. d4 Nf6 2. Nf3 d5 3. c4 e6 4. g3 dxc4 5. Bg2 Bb4+ 6. Bd2 a5 7. Nc3 O-O 8. O-O
Nc6 9. Bg5 h6 10. Bxf6 Qxf6 11. e3 e5 12. d5 Na7 13. Nd2 Bxc3 14. bxc3 Nb5 15.
Qe2 Nd6 16. e4 Bd7 17. a4 b5 18. axb5 Bxb5 19. f4 Qe7 20. Rfe1 Rfe8 21. Qf2 c6
22. Qc5 Qa7 23. Qxa7 Rxa7 24. fxe5 Rxe5 25. Nf3 Rxe4 26. Rxe4 Nxe4 27. Nd4 Nd6
28. dxc6 a4 29. Ra3 Kf8 30. Bf3 Ke7 31. Bd1 Kd8 32. Kf2 Kc7 33. Ke3 Kb6 34. Kf4
Bxc6 35. Ke5 Nb5 36. Nxc6 Kxc6 37. Rxa4 Re7+ 38. Kf4 Kc5 39. Ra5 Kb6 40. Ra8
Nxc3 41. Bf3 Ne2+ 42. Kg4 Nd4 43. Bd5 Kc5 0-1

[Event "18. Open de Sants Hostafrancs 2016"]
[Site "Barcelona ESP"]
[Date "2016.08.28"]
[Round "10.49"]
[White "Laustsen, Lars"]
[Black "Flick, Antoine"]
[Result "1/2-1/2"]
[WhiteElo "2118"]
[BlackElo "2282"]
[PlyCount "87"]
[EventDate "2016.08.19"]
[EventType "swiss"]
[EventRounds "10"]
[EventCountry "ESP"]
[SourceTitle "Ajedrez en Madrid"]
[Source "lmi"]
[SourceDate "2016.08.19"]

1. d4 d5 2. c4 c6 3. Nf3 Nf6 4. e3 Bf5 5. Nc3 e6 6. Nh4 Be4 7. f3 Bg6 8. Nxg6
hxg6 9. Qb3 Qb6 10. g3 Nbd7 11. Bg2 Be7 12. Bd2 O-O 13. cxd5 Qxb3 14. axb3 Nxd5
15. Ke2 Nb4 16. Rhd1 Rfd8 17. f4 f6 18. Ne4 Nd5 19. Ba5 Re8 20. Nc5 Nxc5 21.
dxc5 f5 22. e4 Nf6 23. e5 Nd5 24. Bxd5 exd5 25. Bc7 g5 26. Ra4 Kf7 27. Bd6 Rh8
28. Rh1 g4 29. h4 gxh3 30. Kf3 g5 31. fxg5 Bxg5 32. Rb4 b5 33. cxb6 axb6 34.
Rxb6 Rac8 35. Bc5 Rb8 36. e6+ Kg6 37. Rxb8 Rxb8 38. b4 Re8 39. Rxh3 Rxe6 40.
Rh8 Bf6 41. Rg8+ Kh7 42. Rf8 Kg6 43. Rg8+ Kf7 44. Rf8+ 1/2-1/2